000 00884nam a22002177a 4500
999 _c19370
_d19370
005 20251125232915.0
008 s2546 th tha d
020 _a9749170938
040 _aNALT
041 _atha
245 1 0 _aกฎหมายเบื้องต้นสำหรับประชาชน [2546]
260 3 _aกรุงเทพฯ :
_bสภาทนายความ,
_c2546
300 _a214 หน้า :
_b ภาพประกอบ, ตาราง ;
_c 21 ซม.
650 0 4 _aกฎหมาย -- ความรู้ทั่วไป
650 0 4 _aกฎหมาย -- คำถามและคำตอบ
850 _aNALT
856 4 0 _uhttps://hdl.handle.net/20.500.14156/449076
_71
942 _cLB
_01
_2lcc
998 _j25
_k นีลวัสน์ อินทรักษา
090 _aKC33 ส226ก 2546